| 000 | 01837nam a2200469 i 4500 | ||
|---|---|---|---|
| 001 | DIGUOCES0395 | ||
| 003 | NyNyDIG | ||
| 007 | cr ||||||||||| | ||
| 008 | 230801s2023 sp ob 000 0 spa d | ||
| 006 | m o d | ||
| 035 | _a(OCoLC)1370493143 | ||
| 040 |
_aDGITA _beng _erda _epn _cDGITA |
||
| 020 |
_a9788491809845 _qeBook _qpdf |
||
| 020 |
_a9788491809852 _qeBook _qePub |
||
| 020 | _z9788491809838 | ||
| 050 | 1 | 4 | _aPN1995.9 ebook |
| 100 | 1 |
_aEchart, Pablo, _d1973- _eauthor. |
|
| 245 | 1 | 0 |
_aCine dentro del cine : _b50 películas sobre el séptimo arte / _cPablo Echart. |
| 246 | 3 | 0 | _a50 películas sobre el séptimo arte |
| 246 | 3 | _aCincuenta películas sobre el séptimo arte | |
| 250 | _aPrimera edición en formato digital. | ||
| 250 | _aPrimera edición en lengua castellana. | ||
| 264 | 1 |
_aBarcelona : _bEditorial UOC, _c[2023] |
|
| 300 | _a1 online resource. | ||
| 336 |
_atext _btxt _2rdacontent |
||
| 337 |
_acomputer _bc _2rdamedia |
||
| 338 |
_aonline resource _bcr _2rdacarrier |
||
| 347 |
_atext file _2rdaft |
||
| 347 | _bPDF | ||
| 490 | 1 | _aFilmografías esenciales. Temas | |
| 504 | _aIncludes bibliographical references. | ||
| 588 | 0 | _aOnline resource; title from PDF title page (Digitalia, viewed August 1, 2023) | |
| 650 | 0 | _aPerforming arts in motion pictures. | |
| 650 | 0 |
_aMotion pictures _xHistory. |
|
| 791 | 2 |
_aDigitalia (Firm), _edistributor. |
|
| 793 | 0 |
_gDigitalia eBook Collection: _aUniversitat Oberta de Catalunya |
|
| 776 | 0 | 8 |
_iPrint version: _aEchart, Pablo, 1973- _tCine dentro del cine. _bPrimera edición en lengua castellana. _dBarcelona : Editorial UOC, [2023] _z9788491809838 |
| 830 | 0 |
_aFilmografías esenciales. _pTemas. |
|
| 856 | 4 | 0 |
_3Digitalia Hispánica _uhttps://www.digitaliapublishing.com/a/125760/ |
| 910 | _aPremium collection: 2023 | ||
| 942 | _cRAA | ||
| 999 |
_c277608 _d277608 |
||